000 01032nam a2200289 a 4500
001 76823
003 BD-RjUL
005 20211209082907.0
008 960418s1864 enk 001 0 eng d
035 _a(BD-RjUL)77047
040 _aBD-RjUL
_beng
_cBD-RjUL
041 _aeng
082 _223
_a809
_bHAI V-1-4 1864
100 1 _aHallam, Henry,
_d1777-1859.
_9238094
245 1 0 _aIntroduction to the literature of Europe, in the fifteenth, sixteenth, and seventeenth centuries /
_cby Henry Hallam
250 _a7th ed.
260 _aLondon :
_bMurray,
_c1864
300 _a v. :
_bport. ;
_c18 cm
500 _a"Memoir of Mr. Hallam, by The Very Rev. Dean Milman", v. 1, p. [xv]-xxii
500 _aEach volumes has separate contents pages
500 _aIncludes index at the end of v. 4
500 _a"in four volumes ; with portrait '
505 0 _aVoi. 1 -- v. 2 -- v. 4
650 0 _aLiterature, Modern
_xHistory and criticism
_9238095
651 0 _aEurope
_xLiterature
_xHistory and criticism
_9238096
942 _2ddc
_cRAR
999 _c76823
_d76823